|
|
|
|
| LEADER |
00000nam a22000007a 4500 |
| 005 |
20180327235216.0 |
| 007 |
cr|||| |||| |
| 008 |
180327s2015 mx |||||s|||| 00||0 spa d |
| 020 |
|
|
|a 978-607-8156-33-7
|
| 035 |
|
|
|a 21154
|
| 040 |
|
|
|a vLex
|
| 090 |
|
|
|c 7568
|d 7568
|
| 100 |
1 |
|
|a Vz̀quez Azuara, Carlos Antonio
|
| 245 |
1 |
0 |
|a Combate a la Delincuencia Cibernťica
|h [Recurso electrn̤ico] /
|c Carlos Antonio Vz̀quez Azuara
|
| 250 |
|
|
|a Tercera Edicin̤
|
| 256 |
|
|
|a Servicio en ln̕ea
|
| 260 |
|
|
|a Veracruz:
|b Universidad de Xalapa,
|c 2015
|
| 300 |
|
|
|a 1 recurso electrn̤ico (536 p.)
|
| 506 |
1 |
|
|a Disponible solo en los productos indicados
|d vLex Global
|d vLex Global (Academic Edition, excluding Law Schools)
|d vLex Global (U.S. Academic Edition, Law Schools)
|d vLex Global (U.S. Academic Edition, excluding Law Schools)
|d vLex Global (Academic Edition, Law Schools)
|
| 650 |
0 |
4 |
|a Derecho Penal
|z Mx̌ico
|
| 650 |
0 |
4 |
|a Delitos informt̀icos
|z Mx̌ico
|
| 740 |
0 |
|
|a vLex Libros (Servicio en ln̕ea)
|
| 856 |
4 |
0 |
|u http://vlex.com/source/combate-delincuencia-cibernetica-21154
|z Acceso restringido
|
| 942 |
|
|
|c BOOK
|
| 999 |
0 |
|
|a Criminal Law
|
| 999 |
0 |
|
|a Computer crimes
|